organization development and change (Record no. 3332)
[ view plain ]
| 000 -LEADER | |
|---|---|
| fixed length control field | 00479nam a22001817a 4500 |
| 003 - CONTROL NUMBER IDENTIFIER | |
| control field | OSt |
| 005 - DATE AND TIME OF LATEST TRANSACTION | |
| control field | 20210913124513.0 |
| 008 - FIXED-LENGTH DATA ELEMENTS--GENERAL INFORMATION | |
| fixed length control field | 210913b |||||||| |||| 00| 0 eng d |
| 040 ## - CATALOGING SOURCE | |
| Transcribing agency | illis-hu,edu,et |
| 082 ## - DEWEY DECIMAL CLASSIFICATION NUMBER | |
| Edition number | 8th.ed |
| Classification number | 302.35 |
| 100 ## - MAIN ENTRY--PERSONAL NAME | |
| Personal name | thomson |
| 9 (RLIN) | 3102 |
| 110 ## - MAIN ENTRY--CORPORATE NAME | |
| Corporate name or jurisdiction name as entry element | south-west |
| 9 (RLIN) | 3105 |
| 245 ## - TITLE STATEMENT | |
| Title | organization development and change |
| 260 ## - PUBLICATION, DISTRIBUTION, ETC. | |
| Place of publication, distribution, etc. | x.694 |
| Name of publisher, distributor, etc. | cummings and worley |
| Date of publication, distribution, etc. | 2005 |
| 300 ## - PHYSICAL DESCRIPTION | |
| Extent | 25,p |
| Other physical details | x.694 |
| Type of unit | x.694 |
| Size of unit | 25 |
| 490 ## - SERIES STATEMENT | |
| Series statement | 139780324225105 |
| 942 ## - ADDED ENTRY ELEMENTS (KOHA) | |
| Source of classification or shelving scheme | Dewey Decimal Classification |
| Koha item type | Books like text book referance book |
| Suppress in OPAC | No |
| Withdrawn status | Lost status | Source of classification or shelving scheme | Damaged status | Not for loan | Home library | Current library | Date acquired | Full call number | Barcode | Date last seen | Copy number | Price effective from | Koha item type | Shelving location | Total Checkouts |
|---|---|---|---|---|---|---|---|---|---|---|---|---|---|---|---|
| Dewey Decimal Classification | College of Business and Economics Library | College of Business and Economics Library | 09/13/2021 | 302.35/CUM | mbel1b00000013 | 09/13/2021 | 5 | 09/13/2021 | Books like text book referance book | ||||||
| Dewey Decimal Classification | College of Business and Economics Library | College of Business and Economics Library | 09/14/2021 | 302.35/CUM | MBELIB00000014 | 09/14/2021 | 6 | 09/14/2021 | Books like text book referance book | General Stacks | |||||
| Dewey Decimal Classification | College of Business and Economics Library | College of Business and Economics Library | 09/14/2021 | 302.35/CUM | MBELIB00000015 | 09/14/2021 | 7 | 09/14/2021 | Books like text book referance book | General Stacks | |||||
| Dewey Decimal Classification | College of Business and Economics Library | College of Business and Economics Library | 09/14/2021 | 302.35/CUM | MBELIB00000016 | 09/14/2021 | 8 | 09/14/2021 | Books like text book referance book | General Stacks | |||||
| Dewey Decimal Classification | College of Business and Economics Library | College of Business and Economics Library | 09/14/2021 | 302.35/CUM | MBELIB00000017 | 09/14/2021 | 9 | 09/14/2021 | Books like text book referance book | General Stacks |